BSOP header

Evangelical futures : (Record no. 7905)

MARC details
000 -LEADER
fixed length control field 00568nam a2200181 4500
008 - FIXED-LENGTH DATA ELEMENTS--GENERAL INFORMATION
fixed length control field 020305s2000 us 1 engYA
020 ## - INTERNATIONAL STANDARD BOOK NUMBER
International Standard Book Number 0801022460
090 ## - LOCALLY ASSIGNED LC-TYPE CALL NUMBER (OCLC); LOCAL CALL NUMBER (OCLC)
Classification number (OCLC) (R) ; Classification number, CALL (RLIN) (NR) BR1640
Local cutter number (OCLC) ; Book number/undivided call number, CALL (RLIN) Ev1s
245 10 - TITLE STATEMENT
Title Evangelical futures :
Remainder of title a conversation on theological method /
Statement of responsibility, etc edited by John Stackhouse.
260 ## - PUBLICATION, DISTRIBUTION, ETC. (IMPRINT)
Place of publication, distribution, etc Michigan :
Name of publisher, distributor, etc Baker,
Date of publication, distribution, etc c2000.
300 ## - PHYSICAL DESCRIPTION
Extent 215 p.
504 ## - BIBLIOGRAPHY, ETC. NOTE
Bibliography, etc Includes index
650 #4 - SUBJECT ADDED ENTRY--TOPICAL TERM
Topical term or geographic name as entry element Evangelicalism.
650 #4 - SUBJECT ADDED ENTRY--TOPICAL TERM
Topical term or geographic name as entry element Theology, Doctrinal.
951 ## - EQUIVALENCE OR CROSS-REFERENCE-GEOGRAPHIC NAME/AREA NAME [OBSOLETE] [CAN/MARC only]
General subdivision 00026986
700 1# - ADDED ENTRY--PERSONAL NAME
Personal name Stackhouse, John
950 0# - LOCAL HOLDINGS (RLIN)
-- 3.59
951 ## - EQUIVALENCE OR CROSS-REFERENCE-GEOGRAPHIC NAME/AREA NAME [OBSOLETE] [CAN/MARC only]
-- 24612
-- BR1640/Ev1s
-- 070613111050765
-- 2000-12-21
-- GC
Holdings
Withdrawn status Lost status Damaged status Not for loan Home library Current library Shelving location Date acquired Accession number Shelving control number Total Checkouts Full call number Barcode Date last seen Price effective from Koha item type
        BSOP Library BSOP Library GC 12/21/2000 24612 127   BR1640/Ev1s 00026986 02/23/2013 02/23/2013 Books
BSOP

Biblical Seminary of the Philippines
  All rights Reserved
  © 2024

CONTACT INFORMATION

Biblical Seminary of the Philippines,
  77-B Karuhatan Road, Valenzuela City,
  PHILIPPINES 1441
  Phone: +632 8292-6795 / 8292-6798
  Fax : +632 8292-6675
  Email: library@bsop.edu.ph